Upside Down Countries II Quiz Stats

 Plays Quiz Updated Apr 17, 2016

Challenge
Share
Tweet
Score 0/20 Timer 05:00
6 Plays Today
% Correct
Australia
96.5%
Canada
87%
Chile
85.5%
Sweden
71.3%
Cyprus
63.4%
Greece
57.6%
Ireland
53.9%
Peru
44.9%
Laos
44.7%
Panama
35.3%
% Correct
Venezuela
26.6%
Fiji
22.9%
Tunisia
20.2%
Kuwait
17.4%
Gabon
17.3%
Lebanon
13.2%
Singapore
11.9%
Luxembourg
11.4%
Djibouti
10.3%
Rwanda
7.2%

You're not logged in!

Compare scores with friends on all Sporcle quizzes.
Join for Free
OR
Log In

You Might Also Like...

Show Comments

Extras

Top Quizzes Today


Score Distribution

Your Account Isn't Verified!

In order to create a playlist on Sporcle, you need to verify the email address you used during registration. Go to your Sporcle Settings to finish the process.

Report this User

Report this user for behavior that violates our Community Guidelines.

Details: